000 00546nmm a2200169Ia 4500
008 251105s9999||||xx |||||||||||||||||und||
020 _a9788499800059
041 _aspa
100 _aCervera, David (coord.)
245 0 _aDidáctica de la tecnología
264 _a[Madrid, España] :
_bMinisterio de Educación, Cultura y Deporte de España,
_c2010
300 _a136 páginas
490 _aFormación del profesorado. Educación secundaria
650 _aEducation
856 _uhttps://public.digitaliapublishing.com/a/30241
942 _cCF
999 _c93224
_d93224